Normal view
MARC view
- Rosenbaum, David A.
Entry Nombre Personal
001 - NUMERO DE CONTROL
- campo de control: 44249
003 - IDENTIFICADOR DE NUMERO DE CONTROL
- campo de control: DLC
005 - FECHA Y HORA DE LA ÜLTIMA TRANSACCIÓN
- campo de control: 20220428114112.0
008 - DATOS DE LONGITUD FIJA
- campo de control de longitud fija: 220428n| azannaab |n aaa
010 ## - NÚMERO DE CONTROL DE LA BIBLIOTECA DEL CONGRESO
- Número de control LC: n 90657698
040 ## - FUENTE DE CATALOGACIÓN
- Agencia original de catalogación: DLC
- Agencia de transcripción: DLC
- Description conventions: rda
- Agencia que lo modifica: DLC
- Agencia que lo modifica: MX-MxUPN
100 1# - ENCABEZAMIENTO - NOMBRE PERSONAL
- Nombre personal: Rosenbaum, David A.
375 ## - GÉNERO
- Gender: masculino
377 ## - LENGUA ASOCIADA
- Language code: spa
400 1# - VEÁSE - NOMBRE DE PERSONA
- Personal name: Rosenbaum, David
670 ## - FUENTE EN LA QUE SE LOCALIZARON DATOS
- Cita de la fuente: En su obra. Human motor control, c1991:
- Información localizada: CIP portada (David A. Rosenbaum; Dept. of Psychology, U. of Mass., Amherst, MA)
670 ## - FUENTE EN LA QUE SE LOCALIZARON DATOS
- Cita de la fuente: En la obra: Psicología social, 1986:
- Información localizada: página [6] (traducción de David Rosenbaum)
902 ## - CATALOGADOR
- Catalogador: NDAF/220428
